Islam akidah dan kerohanian

Bibliographic Details
Corporate Author: Title
Other Authors: Mohamed Asin Dollah, Zakaria Stapa
Format: Book
Published: Selangor : UKM , 2001
Subjects:

MARC

LEADER 00000cam a2200000 7i4500
001 0000012736
005 20080318.0
008 080101
020 |a 9679425428 
090 0 0 |a 297.2   |b ISL 
245 1 0 |a Islam akidah dan kerohanian   |c Disunting oleh Zakaria Stapa, Mohamed Asin Dollah-Ed.3 
260 |a Selangor :   |b UKM ,   |c 2001 
650 0 |a Faith (Islam) 
650 0 |a Islam   |x Doctrines 
650 0 |a Sufism 
700 0 |a Mohamed Asin Dollah 
700 0 |a Zakaria Stapa 
710 0 |a Title 
999 |a 0001009937   |b Book   |c Adult Collection   |e Perbadanan Perpustakaan Awam Johor 
999 |a 0001009942   |b Book   |c Adult Collection   |e Perbadanan Perpustakaan Awam Johor